Metodický průvodce na pomoc neslyšícím, nedoslýchavým a nevidomým studentům a jejich učitelům ve studiu a výuce anglického jazyka /

Corporate Author: Univerzita Karlova. Filozofická fakulta. Jazykové centrum. Mediatéka
Other Authors: Janáková, Daniela, 1952-
Language: Czech
Published: Praha : Eurolex Bohemia, 2006
Edition: Vyd. 2., dopl.
Subjects:
Online Access: Digitalizovaný dokument
Physical Description: 292 s. : il. ; 30 cm
Book
Saved in:
LEADER 02153nam a2200529 a 4500
001 nkc20071708196
003 CZ PrNK
005 20070503092729.0
007 ta
008 070208s2006 xr a e f 000 0 cze
015 |a cnb001708196 
020 |a 80-86861-98-8  |q (brož.) 
035 |a (OCoLC)124091552 
040 |a OLA001  |b cze  |d BOA001  |d ABA001 
072 7 |a 811.111  |x Angličtina  |2 Konspekt  |9 11 
080 |a 811.111  |2 MRF 
080 |a 81'24  |2 MRF 
080 |a 37.091.3  |2 MRF 
080 |a 316.344.6-056.263  |2 MRF 
080 |a 316.344.6-056.262  |2 MRF 
080 |a (072)  |2 MRF 
245 0 0 |a Metodický průvodce na pomoc neslyšícím, nedoslýchavým a nevidomým studentům a jejich učitelům ve studiu a výuce anglického jazyka /  |c editor Daniela Janáková 
250 |a Vyd. 2., dopl. 
260 |a Praha :  |b Eurolex Bohemia,  |c 2006 
300 |a 292 s. :  |b il. ;  |c 30 cm 
500 |a Nad názvem: Univerzita Karlova v Praze, Filozofická fakulta, Mediatéka Jazykového centra 
504 |a Obsahuje bibliografie 
650 0 7 |a angličtina  |7 ph114056  |2 czenas 
650 0 7 |a jazyková výuka  |7 ph162894  |2 czenas 
650 0 7 |a studium a výuka  |7 ph136700  |2 czenas 
650 0 7 |a osoby se sluchovým postižením  |7 ph116187  |2 czenas 
650 0 7 |a osoby se zrakovým postižením  |7 ph127686  |2 czenas 
650 0 9 |a English language  |2 eczenas 
650 0 9 |a language teaching and learning  |2 eczenas 
650 0 9 |a study and teaching  |2 eczenas 
650 0 9 |a hearing impaired  |2 eczenas 
650 0 9 |a people with visual disabilities  |2 eczenas 
655 7 |a metodické příručky  |7 fd132826  |2 czenas 
655 9 |a methodological manuals  |2 eczenas 
700 1 |a Janáková, Daniela,  |d 1952-  |7 jo20010087067  |4 edt 
710 2 |a Univerzita Karlova.  |b Filozofická fakulta.  |b Jazykové centrum.  |b Mediatéka  |7 mzk2007378249 
856 4 1 |u http://www.digitalniknihovna.cz/mzk/uuid/uuid:97a7f800-c37f-11e7-9c14-005056827e51  |y Digitalizovaný dokument  |x NDK 
910 2 |a BOA001  |b 3-1181.156 
990 |a BK 
995 |a 01 
991 |b 200703  |c NOV 
996 6 |b 2610301941  |c 3-1181.156  |l MZK  |r Sklad / do 1 hodiny  |n 3  |p p.v.  |w 000841009  |u 000010  |a 1  |e BOA001  |j MZK50  |s P